Nr. 1 Hits in den USA 1999 - Statistiken

Allgemein
  • Dieses Quiz wurde 23 mal gespielt
  • Das Durchschnittsergebnis liegt bei 7 aus 15
Antwortstatistiken
Wochen auf Platz 1 Lied Interpret % Korrekt
2 Wochen … Baby One More Time Britney Spears
100%
5 Wochen Genie in a Bottle Christina Aguilera
79%
5 Wochen Livin’ la vida loca Ricky Martin
74%
4 Wochen No Scrubs TLC
68%
3 Wochen Unpretty TLC
68%
1 Woche Wild Wild West Will Smith feat. Dru Hill& Kool Moe Dee
68%
12 Wochen Smooth Santana feat. Rob Thomas
53%
4 Wochen Believe Cher
47%
2 Wochen Bailamos Enrique Iglesias
47%
1 Woche Bills, Bills, Bills Destiny’s Child
42%
5 Wochen If You Had My Love Jennifer Lopez
42%
4 Wochen Angel of Mine Monica
16%
2 Wochen Heartbreaker Mariah Carey feat. Jay-Z
11%
2 Wochen Have You Ever? Brandy
5%
6 Wochen I'm Your Angel Céline Dion & R. Kelly
5%
Keine übereinstimmenden Quizze gefunden
Verteilung der Resultate
Anzahl Personen mit jedem Resultat
Perzentil nach korrekt beantworteten Fragen
Ihre Resultats-Entwicklung
Sie haben dieses Quiz noch nicht gespielt